| 000 | 00487nam a22001577a 4500 | ||
|---|---|---|---|
| 003 | OSt | ||
| 005 | 20151004091321.0 | ||
| 008 | 151004b xxu||||| |||| 00| 0 eng d | ||
| 040 | _cRUA | ||
| 082 | _aAVM ម៉ៅ 1989 B065 Or.1 | ||
| 100 |
_91959 _aម៉ៅ សាប៊ីណា |
||
| 245 | _aទិន្នផលសណ្តែកសៀង អាស្រ័យពីពូជផ្សេងៗ | ||
| 260 |
_aPhnom Penh _bRUA _c1989 |
||
| 300 |
_a78p. _bill. _c29cm. |
||
| 942 |
_2ddc _cAVM |
||
| 999 |
_c1851 _d1851 |
||